000 00513nam a2200193 4500
005 20251202123508.0
008 251202b |||||||| |||| 00| 0 eng d
020 _a978-81-8191-551-1
041 _aeng
082 _21st ed.
_aP 610.7362 PRE B11898
100 _aPremaletha T.
_9215629
245 _aNeonatal Nursing
250 _a1st ed.
260 _aNew Delhi
_bParas Medical Publisher
_c2023
300 _a444p
_bpb
_c21.5x14cm
365 _aRupaye
_b775
_cINR
521 _aNeonatal Nursing
942 _cBK
999 _c369242
_d369242